| 000 | 00569nam a22001697a 4500 | ||
|---|---|---|---|
| 003 | NUST | ||
| 038 | _aWaseem | ||
| 082 | _a200 | ||
| 100 |
_aAbid, Muhammad Aniq _998950 |
||
| 245 |
_aDemonstration of fully/partially disaggregated open optical networks using mininet optical and ONOS / _cMuhammad Aniq Abid |
||
| 264 |
_aIslamabad : _bSEECS, NUST, _c2022. |
||
| 300 | _a28 p. ; | ||
| 650 |
_aMS-Information Technology _926924 |
||
| 700 |
_aSupervisor: Dr. Arsalan Ahmad _996801 |
||
| 856 | _uhttp://10.250.8.41:8080/xmlui/handle/123456789/30043 | ||
| 942 |
_2ddc _cSC |
||
| 999 |
_c591427 _d591427 |
||